000 00488ntaaa2200193 4500
003 01
005 20251027202940.0
008 0714s1973 ag 01
040 _aAR-BaBN
_bspa
_cAR-BaBN
_eaacr
_dRIC
082 _a933.0000 J77
100 _aJosefo, Flavio
_9477
245 _aGuerras de los Judios
250 _a1 ed.
260 _aBuenos Aires :
_bEditorial Albatros,
_cc1943
300 _a2 tomos
650 _aJudios-historia
_98753
650 _ahistoria-judios
_910202
942 _cBK
999 _c24820
_d24820